[Event "Mitropa Cup 29th"]
[Site "Chur"]
[Date "2010.06.05"]
[Round "8"]
[White "Doric, Darko"]
[Black "Tomazini, Aljosa"]
[Result "1-0"]
[WhiteElo "2452"]
[BlackElo "2231"]
[PlyCount "141"]
[EventDate "2010.05.29"]
[EventType "team-tourn"]
[EventRounds "9"]
[EventCountry "SUI"]
[Source "ChessBase"]
[SourceDate "2010.07.02"]
[WhiteTeam "Croatia"]
[BlackTeam "Slovenia"]
[WhiteTeamCountry "CRO"]
[BlackTeamCountry "SLO"]

1. d4 Nf6 2. c4 g6 3. Nc3 Bg7 4. e4 O-O 5. Nf3 d6 6. Be2 e5 7. O-O Na6 8. Re1
Qe8 9. Bf1 Bg4 10. d5 Nb4 11. Be2 a5 12. Be3 Kh8 13. a3 Na6 14. Nd2 Bd7 15. b3
Ng8 16. Qb1 Bh6 17. Bxh6 Nxh6 18. b4 b6 19. c5 bxc5 20. b5 Rb8 21. Qc1 Bxb5 22.
Nxb5 Rxb5 23. Bxb5 Qxb5 24. Qc4 Qxc4 25. Nxc4 f5 26. f3 fxe4 27. fxe4 a4 28.
Rab1 Nf7 29. Rb7 Ra8 30. Kf2 Nd8 31. Rb5 Nb8 32. Ra5 Rxa5 33. Nxa5 Nd7 34. Nc4
Kg7 35. Rb1 Kf8 36. Rb5 Nf6 37. Rb8 Ke7 38. Kf3 Nf7 39. h4 g5 40. g3 g4+ 41.
Ke3 Nh5 42. Ra8 Nxg3 43. Rxa4 Nh5 44. Ra8 Nf4 45. a4 g3 46. Rg8 g2 47. a5 Nh6
48. Rg7+ Kd8 49. Kf2 Kc8 50. Ne3 Kb7 51. Rxh7 Ng8 52. Rf7 Ka6 53. Nxg2 Nh5 54.
Rxc7 Ngf6 55. Kf3 Kxa5 56. Ne3 Kb4 57. Rc6 Kc3 58. Nf5 Kd3 59. Nxd6 Nd7 60. Rc7
Nhf6 61. h5 Nf8 62. h6 N8h7 63. Rxc5 Ng5+ 64. Kg3 Ngxe4+ 65. Nxe4 Nxe4+ 66. Kg4
Nxc5 67. h7 e4 68. h8=Q e3 69. Kf3 Nb3 70. Qh7+ Kd2 71. Qh2+ 1-0

[Event "Mitropa Cup 29th"]
[Site "Chur"]
[Date "2010.06.05"]
[Round "8"]
[White "Jovanovic, Zoran2"]
[Black "Borisek, Jure"]
[Result "1/2-1/2"]
[WhiteElo "2520"]
[BlackElo "2561"]
[PlyCount "68"]
[EventDate "2010.05.29"]
[EventType "team-tourn"]
[EventRounds "9"]
[EventCountry "SUI"]
[Source "ChessBase"]
[SourceDate "2010.07.02"]
[WhiteTeam "Croatia"]
[BlackTeam "Slovenia"]
[WhiteTeamCountry "CRO"]
[BlackTeamCountry "SLO"]

1. e4 e5 2. Nf3 Nc6 3. Bc4 Bc5 4. c3 Nf6 5. d3 d6 6. Bb3 a6 7. O-O O-O 8. Be3
Bxe3 9. fxe3 Na5 10. Bc2 c5 11. Nbd2 b5 12. Qe1 Qe7 13. h3 Bd7 14. Qh4 Kh8 15.
a3 c4 16. d4 Nc6 17. Rf2 Ng8 18. Raf1 Qxh4 19. Nxh4 f6 20. Nf5 Bxf5 21. exf5 d5
22. Rd1 Nge7 23. g4 a5 24. dxe5 fxe5 25. Nf3 e4 26. Nd4 Nxd4 27. Rxd4 b4 28.
axb4 axb4 29. b3 Ra1+ 30. Kg2 cxb3 31. Bxb3 bxc3 32. Bxd5 Nxd5 33. Rxd5 Re1 34.
Rc5 Rxe3 1/2-1/2

[Event "Mitropa Cup 29th"]
[Site "Chur"]
[Date "2010.06.05"]
[Round "8"]
[White "Zorko, Jure"]
[Black "Martinovic, Sasa"]
[Result "1/2-1/2"]
[WhiteElo "2440"]
[BlackElo "2515"]
[PlyCount "115"]
[EventDate "2010.05.29"]
[EventType "team-tourn"]
[EventRounds "9"]
[EventCountry "SUI"]
[Source "ChessBase"]
[SourceDate "2010.07.02"]
[WhiteTeam "Slovenia"]
[BlackTeam "Croatia"]
[WhiteTeamCountry "SLO"]
[BlackTeamCountry "CRO"]

1. e4 c5 2. Nf3 Nc6 3. Bb5 e6 4. O-O Nge7 5. c3 a6 6. Ba4 b5 7. Bc2 d5 8. e5 d4
9. Qe2 Bb7 10. Be4 Nd5 11. d3 dxc3 12. Nxc3 Be7 13. a4 b4 14. Nd1 Qc7 15. Ne3
Nf4 16. Qc2 f5 17. exf6 gxf6 18. Nc4 Rg8 19. Bxf4 Qxf4 20. Qd2 Qxd2 21. Ncxd2
f5 22. Bxc6+ Bxc6 23. Rfe1 Bd5 24. g3 O-O-O 25. Ne5 Kb7 26. Ndc4 h5 27. Ne3 Bf6
28. Nxd5 exd5 29. f4 h4 30. Kf2 Rde8 31. Kf3 hxg3 32. hxg3 Bxe5 33. Rxe5 Rxe5
34. fxe5 Rg4 35. e6 Kc7 36. Re1 Kd8 37. Re5 Rd4 38. e7+ Ke8 39. Ke3 b3 40. a5
Ra4 41. Rxd5 Rxa5 42. Kd2 Kxe7 43. Rxf5 Kd6 44. Kc3 Ra4 45. Rf4 Ra1 46. Kxb3
Ke5 47. Ra4 Rd1 48. Rxa6 Rxd3+ 49. Kc4 Rxg3 50. Rc6 Rg2 51. Rxc5+ Kd6 52. b4
Rc2+ 53. Kb5 Rxc5+ 54. bxc5+ Kc7 55. c6 Kc8 56. Kb6 Kb8 57. c7+ Kc8 58. Kc6
1/2-1/2

[Event "Mitropa Cup 29th"]
[Site "Chur"]
[Date "2010.06.05"]
[Round "8"]
[White "Jurcik, Marian"]
[Black "Fargere, Francois"]
[Result "1/2-1/2"]
[WhiteElo "2487"]
[BlackElo "2489"]
[PlyCount "44"]
[EventDate "2010.05.29"]
[EventType "team-tourn"]
[EventRounds "9"]
[EventCountry "SUI"]
[Source "ChessBase"]
[SourceDate "2010.07.02"]
[WhiteTeam "Slovakia"]
[BlackTeam "France"]
[WhiteTeamCountry "SVK"]
[BlackTeamCountry "FRA"]

1. e4 c5 2. Nf3 d6 3. d4 cxd4 4. Nxd4 Nf6 5. Nc3 a6 6. Be3 e5 7. Nf3 Be7 8. Bc4
O-O 9. O-O Be6 10. Bb3 Nc6 11. Qe2 Na5 12. Rfd1 Qc7 13. Bg5 Rac8 14. Rac1 Nh5
15. Qd2 Bxg5 16. Nxg5 Qe7 17. Nxe6 Nxb3 18. Nd5 Qxe6 19. axb3 Rfd8 20. Qb4 b5
21. Qa5 Nf4 22. Rd2 Nxd5 1/2-1/2

[Event "Mitropa Cup 29th"]
[Site "Chur"]
[Date "2010.06.05"]
[Round "8"]
[White "Monroy, Charles"]
[Black "Meszaros, Michal"]
[Result "0-1"]
[WhiteElo "2459"]
[BlackElo "2393"]
[PlyCount "50"]
[EventDate "2010.05.29"]
[EventType "team-tourn"]
[EventRounds "9"]
[EventCountry "SUI"]
[Source "ChessBase"]
[SourceDate "2010.07.02"]
[WhiteTeam "France"]
[BlackTeam "Slovakia"]
[WhiteTeamCountry "FRA"]
[BlackTeamCountry "SVK"]

1. Nf3 d5 2. d4 Nf6 3. c4 dxc4 4. e3 Bg4 5. Bxc4 e6 6. O-O a6 7. Nc3 Nc6 8. Be2
Bd6 9. Qb3 O-O 10. h3 Bh5 11. Rd1 Qe7 12. e4 e5 13. Bg5 exd4 14. Nd5 Qxe4 15.
Nxf6+ gxf6 16. Bd3 Qe6 17. Bc4 Qf5 18. Bd3 Qe6 19. Bc4 Qf5 20. Bd3 Qd7 21. Bxf6
Bxf3 22. Qc2 Rfe8 23. Bxh7+ Kf8 24. Bf5 Bxd1 25. Rxd1 Bh2+ 0-1

[Event "Mitropa Cup 29th"]
[Site "Chur"]
[Date "2010.06.05"]
[Round "8"]
[White "Tripoteau, Nicolas"]
[Black "Petenyi, Tamas"]
[Result "1-0"]
[WhiteElo "2425"]
[BlackElo "2381"]
[PlyCount "67"]
[EventDate "2010.05.29"]
[EventType "team-tourn"]
[EventRounds "9"]
[EventCountry "SUI"]
[Source "ChessBase"]
[SourceDate "2010.07.02"]
[WhiteTeam "France"]
[BlackTeam "Slovakia"]
[WhiteTeamCountry "FRA"]
[BlackTeamCountry "SVK"]

1. d4 d5 2. c4 c6 3. Nf3 Nf6 4. e3 Bg4 5. Qb3 Qc7 6. Ne5 e6 7. Nc3 Bf5 8. Be2
Nbd7 9. g4 Nxe5 10. gxf5 dxc4 11. Qd1 Nd3+ 12. Bxd3 cxd3 13. fxe6 fxe6 14. Qb3
Qf7 15. e4 O-O-O 16. Be3 d2+ 17. Kxd2 Ng4 18. h3 Nxe3 19. fxe3 g6 20. Raf1 Qe7
21. e5 Bh6 22. Ke2 Rhf8 23. Ne4 Kb8 24. Nc5 Rxf1 25. Rxf1 b6 26. Qxe6 Qxe6 27.
Nxe6 Re8 28. Rf6 Kc8 29. Nf4 Kd7 30. Rd6+ Kc7 31. Ne6+ Kb7 32. Rd7+ Kc8 33.
Rxh7 Bxe3 34. Nc7 1-0

[Event "Mitropa Cup 29th"]
[Site "Chur"]
[Date "2010.06.05"]
[Round "8"]
[White "Gallagher, Joseph G"]
[Black "Bindrich, Falko"]
[Result "1/2-1/2"]
[WhiteElo "2493"]
[BlackElo "2539"]
[PlyCount "87"]
[EventDate "2010.05.29"]
[EventType "team-tourn"]
[EventRounds "9"]
[EventCountry "SUI"]
[Source "ChessBase"]
[SourceDate "2010.07.02"]
[WhiteTeam "Switzerland"]
[BlackTeam "Germany"]
[WhiteTeamCountry "SUI"]
[BlackTeamCountry "GER"]

1. e4 e5 2. Nf3 Nc6 3. Bb5 a6 4. Ba4 Nf6 5. O-O Be7 6. Re1 b5 7. Bb3 d6 8. c3
O-O 9. h3 Nb8 10. d4 Nbd7 11. Nbd2 Bb7 12. Bc2 Re8 13. a4 Bf8 14. Bd3 c6 15. b3
g6 16. Ba3 Qc7 17. Qc2 Bg7 18. Bb2 d5 19. dxe5 dxe4 20. Nxe4 Nxe4 21. Bxe4 Nxe5
22. c4 bxa4 23. bxa4 Rad8 24. Rab1 Bc8 25. Bxe5 Bxe5 26. Bxc6 Bf5 27. Be4 Bc3
28. Qxc3 Bxe4 29. Rbc1 Bxf3 30. Rxe8+ Rxe8 31. Qxf3 Qa5 32. Qd1 Rd8 33. Qb3 Qc5
34. Qc3 Rd4 35. Qe3 h5 36. h4 Kg7 37. g3 Kg8 38. Kh2 Kg7 39. Rc2 Qd6 40. Kg2
Qc6+ 41. f3 Rxc4 42. Qe5+ Kh7 43. Rxc4 Qxc4 44. a5 1/2-1/2

[Event "Mitropa Cup 29th"]
[Site "Chur"]
[Date "2010.06.05"]
[Round "8"]
[White "Huschenbeth, Niclas"]
[Black "Jenni, Florian"]
[Result "0-1"]
[WhiteElo "2457"]
[BlackElo "2520"]
[PlyCount "82"]
[EventDate "2010.05.29"]
[EventType "team-tourn"]
[EventRounds "9"]
[EventCountry "SUI"]
[Source "ChessBase"]
[SourceDate "2010.07.02"]
[WhiteTeam "Germany"]
[BlackTeam "Switzerland"]
[WhiteTeamCountry "GER"]
[BlackTeamCountry "SUI"]

1. e4 e6 2. d4 d5 3. Nc3 dxe4 4. Nxe4 Nd7 5. Nf3 Ngf6 6. Bd3 Nxe4 7. Bxe4 Nf6
8. Bg5 h6 9. Bxf6 Qxf6 10. O-O Bd6 11. c4 c6 12. Qe2 Bd7 13. b4 O-O 14. c5 Bc7
15. Ne5 Rfd8 16. a4 Be8 17. Rad1 Rxd4 18. Ng4 Qd8 19. Bc2 Rxd1 20. Rxd1 Qe7 21.
a5 Rd8 22. Rd3 Qg5 23. Ne3 Qf4 24. g3 Qxb4 25. Rb3 Qxc5 26. Rxb7 Bxa5 27. Qg4
Bc3 28. Qe4 g6 29. Qh4 Qg5 30. Qxg5 hxg5 31. Rxa7 Bd4 32. Rc7 c5 33. Be4 Bb5
34. g4 Rd7 35. Rc8+ Kg7 36. Kg2 Kf6 37. Kf3 Ra7 38. Rb8 Ba6 39. Bc2 Ke5 40. Bb3
Bxe3 41. Kxe3 Rb7 0-1

[Event "Mitropa Cup 29th"]
[Site "Chur"]
[Date "2010.06.05"]
[Round "8"]
[White "Prusikin, Michael"]
[Black "Hug, Werner"]
[Result "1/2-1/2"]
[WhiteElo "2520"]
[BlackElo "2463"]
[PlyCount "48"]
[EventDate "2010.05.29"]
[EventType "team-tourn"]
[EventRounds "9"]
[EventCountry "SUI"]
[Source "ChessBase"]
[SourceDate "2010.07.02"]
[WhiteTeam "Germany"]
[BlackTeam "Switzerland"]
[WhiteTeamCountry "GER"]
[BlackTeamCountry "SUI"]

1. d4 Nf6 2. c4 d6 3. Nc3 g6 4. e4 Bg7 5. Be2 O-O 6. Nf3 Bg4 7. Be3 Nfd7 8. O-O
Nc6 9. d5 Bxf3 10. Bxf3 Na5 11. Be2 Bxc3 12. bxc3 e5 13. dxe6 fxe6 14. f4 Qe7
15. Rf3 Rf7 16. Qa4 b6 17. Raf1 Raf8 18. Rg3 Kh8 19. Qc2 Nb7 20. Rg5 Nbc5 21.
h4 e5 22. f5 Rg7 23. h5 gxh5 24. Rxg7 Qxg7 1/2-1/2

[Event "Mitropa Cup 29th"]
[Site "Chur"]
[Date "2010.06.05"]
[Round "8"]
[White "Pap, Gyula"]
[Black "Brunello, Sabino"]
[Result "1-0"]
[WhiteElo "2496"]
[BlackElo "2467"]
[PlyCount "77"]
[EventDate "2010.05.29"]
[EventType "team-tourn"]
[EventRounds "9"]
[EventCountry "SUI"]
[Source "ChessBase"]
[SourceDate "2010.07.02"]
[WhiteTeam "Hungary"]
[BlackTeam "Italy"]
[WhiteTeamCountry "HUN"]
[BlackTeamCountry "ITA"]

1. d4 Nf6 2. c4 e6 3. g3 d5 4. Nf3 dxc4 5. Bg2 Bb4+ 6. Bd2 a5 7. O-O O-O 8. Bg5
Ra6 9. Ne5 Nc6 10. Nxc6 bxc6 11. e4 h6 12. Be3 c5 13. e5 cxd4 14. Bxd4 Nd5 15.
a3 Be7 16. Qg4 Bb7 17. Nd2 h5 18. Qf3 c5 19. Bc3 Nxc3 20. Qxc3 Bxg2 21. Kxg2
Qd5+ 22. f3 f6 23. Nxc4 Rd8 24. Rf2 fxe5 25. Rd2 Qa8 26. Rxd8+ Bxd8 27. Qd3 Bf6
28. Qe4 Qd5 29. Rc1 Ra7 30. Rc2 Qd1 31. Rd2 Qc1 32. Rd6 Kf7 33. f4 exf4 34.
Qxe6+ Kg6 35. Ne5+ Kh6 36. Qf5 f3+ 37. Nxf3 Qxb2+ 38. Kh3 Qe2 39. Ne5 1-0

[Event "Mitropa Cup 29th"]
[Site "Chur"]
[Date "2010.06.05"]
[Round "8"]
[White "Papp, Gabor"]
[Black "Godena, Michele"]
[Result "1/2-1/2"]
[WhiteElo "2534"]
[BlackElo "2554"]
[PlyCount "41"]
[EventDate "2010.05.29"]
[EventType "team-tourn"]
[EventRounds "9"]
[EventCountry "SUI"]
[Source "ChessBase"]
[SourceDate "2010.07.02"]
[WhiteTeam "Hungary"]
[BlackTeam "Italy"]
[WhiteTeamCountry "HUN"]
[BlackTeamCountry "ITA"]

1. e4 e5 2. Nf3 Nc6 3. Bb5 a6 4. Ba4 Nf6 5. O-O b5 6. Bb3 Bc5 7. a4 Rb8 8. Nxe5
Nxe5 9. d4 Bxd4 10. Qxd4 d6 11. f4 Nc6 12. Qc3 Ne7 13. Qd3 d5 14. exd5 O-O 15.
axb5 axb5 16. f5 Nexd5 17. Bg5 c5 18. Qg3 Rb6 19. Bxd5 Qxd5 20. Nc3 Qc6 21.
Rad1 1/2-1/2

[Event "Mitropa Cup 29th"]
[Site "Chur"]
[Date "2010.06.05"]
[Round "8"]
[White "Vocaturo, Daniele"]
[Black "Szabo, Krisztian"]
[Result "1-0"]
[WhiteElo "2493"]
[BlackElo "2506"]
[PlyCount "65"]
[EventDate "2010.05.29"]
[EventType "team-tourn"]
[EventRounds "9"]
[EventCountry "SUI"]
[Source "ChessBase"]
[SourceDate "2010.07.02"]
[WhiteTeam "Italy"]
[BlackTeam "Hungary"]
[WhiteTeamCountry "ITA"]
[BlackTeamCountry "HUN"]

1. e4 c5 2. Nf3 d6 3. d4 cxd4 4. Nxd4 Nf6 5. Nc3 a6 6. Be3 e5 7. Nb3 Be7 8. f3
Be6 9. Qd2 O-O 10. O-O-O a5 11. Bb5 Na6 12. Qe2 Qb8 13. g4 Nc7 14. Ba4 Rc8 15.
g5 Nh5 16. Kb1 b5 17. Nxb5 Nxb5 18. Bxb5 a4 19. Nc1 Nf4 20. Bxf4 exf4 21. h4 f6
22. g6 hxg6 23. c4 Ra5 24. Nd3 Rxc4 25. Bxc4 Bxc4 26. Qc2 d5 27. h5 gxh5 28.
Rxh5 Qc7 29. Rc1 Qd6 30. e5 Bxd3 31. Qxd3 fxe5 32. Qf5 Ra8 33. Rch1 1-0

[Event "Mitropa Cup 29th"]
[Site "Chur"]
[Date "2010.06.06"]
[Round "9"]
[White "Baramidze, David"]
[Black "Baumegger, Siegfried"]
[Result "1-0"]
[WhiteElo "2534"]
[BlackElo "2414"]
[PlyCount "73"]
[EventDate "2010.05.29"]
[EventType "team-tourn"]
[EventRounds "9"]
[EventCountry "SUI"]
[Source "ChessBase"]
[SourceDate "2010.07.02"]
[WhiteTeam "Germany"]
[BlackTeam "Austria"]
[WhiteTeamCountry "GER"]
[BlackTeamCountry "AUT"]

1. c4 e5 2. Nc3 Nf6 3. d3 d5 4. cxd5 Nxd5 5. Nf3 Nc6 6. g3 Be7 7. Bg2 Nb6 8. a3
O-O 9. O-O Be6 10. Bd2 Qd7 11. Re1 f6 12. Qc2 Nd4 13. Nxd4 exd4 14. Ne4 Bd5 15.
a4 f5 16. Nc5 Qc6 17. Bxd5+ Nxd5 18. Rec1 Rad8 19. Nb3 Qf6 20. Qc4 f4 21. Rf1
Kh8 22. Qxd4 f3 23. Rae1 fxe2 24. Rxe2 Qf7 25. Qc4 Qh5 26. Rfe1 Bf6 27. Nc5 Nb6
28. Qc2 Bd4 29. Ne6 Rxf2 30. Rxf2 Bxf2+ 31. Kxf2 Qxh2+ 32. Kf3 Qh5+ 33. Kg2
Qd5+ 34. Kh2 Qh5+ 35. Kg1 Qf3 36. Qxc7 Rg8 37. Ng5 1-0

[Event "Mitropa Cup 29th"]
[Site "Chur"]
[Date "2010.06.06"]
[Round "9"]
[White "Bindrich, Falko"]
[Black "Neubauer, Martin"]
[Result "1/2-1/2"]
[WhiteElo "2539"]
[BlackElo "2458"]
[PlyCount "112"]
[EventDate "2010.05.29"]
[EventType "team-tourn"]
[EventRounds "9"]
[EventCountry "SUI"]
[Source "ChessBase"]
[SourceDate "2010.07.02"]
[WhiteTeam "Germany"]
[BlackTeam "Austria"]
[WhiteTeamCountry "GER"]
[BlackTeamCountry "AUT"]

1. d4 Nf6 2. c4 g6 3. g3 c6 4. Bg2 d5 5. Nf3 Bg7 6. b3 O-O 7. O-O Ne4 8. Bb2 a5
9. Nfd2 Nxd2 10. Nxd2 Be6 11. e4 dxc4 12. Nxc4 Bxc4 13. bxc4 c5 14. e5 cxd4 15.
Qxd4 Qxd4 16. Bxd4 Nc6 17. Bxc6 bxc6 18. f4 f6 19. Rfe1 fxe5 20. fxe5 Rab8 21.
Rab1 a4 22. Bc3 h5 23. Kg2 Rxb1 24. Rxb1 Rd8 25. Rb7 Rd3 26. Bb4 Bxe5 27. Rxe7
Bc3 28. Rb7 Rd2+ 29. Kh3 Bxb4 30. Rxb4 Rxa2 31. Rb6 Rc2 32. Rxc6 Kf7 33. c5 a3
34. Ra6 a2 35. c6 Ke7 36. c7 Kd7 37. Ra7 Kc8 38. g4 hxg4+ 39. Kxg4 Rxh2 40. Kg3
Rc2 41. Kg4 Kd7 42. Kg3 Kc8 43. Kg4 Kd7 44. Kg3 Ke6 45. Rxa2 Rxc7 46. Ra6+ Kf5
47. Ra5+ Kf6 48. Ra6+ Kg5 49. Ra5+ Kh6 50. Rb5 Rc3+ 51. Kg4 Rc4+ 52. Kg3 Rc1
53. Kg4 Rg1+ 54. Kh4 g5+ 55. Kh3 Kh5 56. Rb8 Ra1 1/2-1/2

[Event "Mitropa Cup 29th"]
[Site "Chur"]
[Date "2010.06.06"]
[Round "9"]
[White "Kreisl, Robert"]
[Black "Prusikin, Michael"]
[Result "1/2-1/2"]
[WhiteElo "2374"]
[BlackElo "2520"]
[PlyCount "65"]
[EventDate "2010.05.29"]
[EventType "team-tourn"]
[EventRounds "9"]
[EventCountry "SUI"]
[Source "ChessBase"]
[SourceDate "2010.07.02"]
[WhiteTeam "Austria"]
[BlackTeam "Germany"]
[WhiteTeamCountry "AUT"]
[BlackTeamCountry "GER"]

1. Nf3 Nf6 2. c4 g6 3. Nc3 Bg7 4. g3 O-O 5. Bg2 d6 6. d4 Nbd7 7. O-O e5 8. e4
exd4 9. Nxd4 Re8 10. h3 Nc5 11. Re1 h6 12. Kh2 Bd7 13. Rb1 Qc8 14. b4 Ne6 15.
Nxe6 Bxe6 16. Nd5 Bxd5 17. cxd5 a5 18. a3 axb4 19. axb4 Ra2 20. Kg1 Qa8 21. Bb2
h5 22. Qf3 Nd7 23. Bxg7 Kxg7 24. Qc3+ Ne5 25. Ra1 Kg8 26. f4 Qa7+ 27. Kh1 Nc4
28. Rxa2 Qxa2 29. Ra1 Qe2 30. Re1 Qa2 31. Ra1 Qe2 32. Re1 Qa2 33. Ra1 1/2-1/2

[Event "Mitropa Cup 29th"]
[Site "Chur"]
[Date "2010.06.06"]
[Round "9"]
[White "Ragger, Markus"]
[Black "Huschenbeth, Niclas"]
[Result "1-0"]
[WhiteElo "2614"]
[BlackElo "2457"]
[PlyCount "97"]
[EventDate "2010.05.29"]
[EventType "team-tourn"]
[EventRounds "9"]
[EventCountry "SUI"]
[Source "ChessBase"]
[SourceDate "2010.07.02"]
[WhiteTeam "Austria"]
[BlackTeam "Germany"]
[WhiteTeamCountry "AUT"]
[BlackTeamCountry "GER"]

1. d4 d5 2. Nf3 Nf6 3. c4 dxc4 4. e3 e6 5. Bxc4 c5 6. Qe2 a6 7. dxc5 Bxc5 8.
O-O Nc6 9. a3 b5 10. Bd3 Bb7 11. b4 Bd6 12. Bb2 O-O 13. Nbd2 Qe7 14. Rac1 Rac8
15. Nb3 Nd7 16. Rfd1 g6 17. Be4 Rfd8 18. Ba1 Nb6 19. Bxc6 Rxc6 20. Qb2 e5 21.
Nxe5 Rxc1 22. Rxc1 Bxe5 23. Qxe5 Qxe5 24. Bxe5 Nc4 25. Bd4 Bd5 26. Nc5 Nxa3 27.
Nd7 Be6 28. Nf6+ Kg7 29. Rc6 h5 30. h3 Kh6 31. Rxa6 Nc2 32. Bc5 Kg7 33. Ne4 Ne1
34. Nd6 Nd3 35. Rb6 Bc4 36. Bd4+ Kh7 37. Nxb5 Ra8 38. Nd6 Bd5 39. Rb5 Bc6 40.
Rb6 Bd5 41. h4 Ne1 42. Rb5 Bxg2 43. Nxf7 Bc6 44. Ng5+ Kh6 45. Re5 Re8 46. Kf1
Nd3 47. Nf7+ Kh7 48. Rxe8 Bxe8 49. Nd6 1-0

[Event "Mitropa Cup 29th"]
[Site "Chur"]
[Date "2010.06.06"]
[Round "9"]
[White "Bosiocic, Marin"]
[Black "Simacek, Pavel"]
[Result "1/2-1/2"]
[WhiteElo "2562"]
[BlackElo "2518"]
[PlyCount "49"]
[EventDate "2010.05.29"]
[EventType "team-tourn"]
[EventRounds "9"]
[EventCountry "SUI"]
[Source "ChessBase"]
[SourceDate "2010.07.02"]
[WhiteTeam "Croatia"]
[BlackTeam "Czech Republic"]
[WhiteTeamCountry "CRO"]
[BlackTeamCountry "CZE"]

1. e4 e5 2. Nf3 Nc6 3. Bb5 a6 4. Ba4 Nf6 5. O-O Nxe4 6. d4 b5 7. Bb3 d5 8. dxe5
Be6 9. Nbd2 Nc5 10. c3 d4 11. Bxe6 Nxe6 12. cxd4 Ncxd4 13. Ne4 Be7 14. Be3 Nf5
15. Qc2 O-O 16. Rad1 Nxe3 17. fxe3 Qc8 18. Nd4 Nxd4 19. exd4 Qe6 20. Ng3 c6 21.
Nf5 Rfe8 22. Rd3 Bf8 23. a3 Ra7 24. Kh1 Rd7 25. b4 1/2-1/2

[Event "Mitropa Cup 29th"]
[Site "Chur"]
[Date "2010.06.06"]
[Round "9"]
[White "Martinovic, Sasa"]
[Black "Krejci, Jan1"]
[Result "1/2-1/2"]
[WhiteElo "2515"]
[BlackElo "2455"]
[PlyCount "48"]
[EventDate "2010.05.29"]
[EventType "team-tourn"]
[EventRounds "9"]
[EventCountry "SUI"]
[Source "ChessBase"]
[SourceDate "2010.07.02"]
[WhiteTeam "Croatia"]
[BlackTeam "Czech Republic"]
[WhiteTeamCountry "CRO"]
[BlackTeamCountry "CZE"]

1. d4 Nf6 2. c4 e6 3. Nc3 Bb4 4. g3 O-O 5. Bg2 d5 6. Nf3 c6 7. O-O Nbd7 8. Qd3
b6 9. a3 Be7 10. e4 dxe4 11. Nxe4 Nxe4 12. Qxe4 Bb7 13. Rd1 Qc8 14. Qc2 Rd8 15.
Bf4 c5 16. d5 exd5 17. cxd5 Nf6 18. d6 Bf8 19. Qc4 Qe6 20. Qxe6 fxe6 21. Ng5
Bxg2 22. Kxg2 Nd5 23. Nxe6 Nxf4+ 24. gxf4 Rxd6 1/2-1/2

[Event "Mitropa Cup 29th"]
[Site "Chur"]
[Date "2010.06.06"]
[Round "9"]
[White "Zilka, Stepan"]
[Black "Jovanovic, Zoran2"]
[Result "0-1"]
[WhiteElo "2509"]
[BlackElo "2520"]
[PlyCount "80"]
[EventDate "2010.05.29"]
[EventType "team-tourn"]
[EventRounds "9"]
[EventCountry "SUI"]
[Source "ChessBase"]
[SourceDate "2010.07.02"]
[WhiteTeam "Czech Republic"]
[BlackTeam "Croatia"]
[WhiteTeamCountry "CZE"]
[BlackTeamCountry "CRO"]

1. d4 Nf6 2. c4 d6 3. Nf3 g6 4. Nc3 Bg7 5. e4 O-O 6. Be2 e5 7. O-O Nc6 8. d5
Ne7 9. Ne1 Nd7 10. Nd3 f5 11. Bd2 Kh8 12. Rc1 c5 13. Rb1 Nf6 14. f3 f4 15. b4
b6 16. bxc5 bxc5 17. Rb3 g5 18. Nf2 h5 19. h3 Neg8 20. Ra3 Nh6 21. Nb5 Qe7 22.
Ba5 Ne8 23. Qc2 Rg8 24. Rb1 Bf6 25. Qd1 g4 26. fxg4 Bh4 27. gxh5 Bg3 28. Kf1
Bxf2 29. Kxf2 a6 30. Be1 Bxh3 31. gxh3 axb5 32. Rbb3 Nf6 33. Bf3 b4 34. Rxa8
Rxa8 35. Rb2 Qh7 36. Qe2 Nf7 37. h4 Nh6 38. Kg1 Nhg4 39. Kh1 Ne3 40. Rb3 Nxe4
0-1

[Event "Mitropa Cup 29th"]
[Site "Chur"]
[Date "2010.06.06"]
[Round "9"]
[White "Fargere, Francois"]
[Black "Lenic, Luka"]
[Result "1/2-1/2"]
[WhiteElo "2489"]
[BlackElo "2592"]
[PlyCount "27"]
[EventDate "2010.05.29"]
[EventType "team-tourn"]
[EventRounds "9"]
[EventCountry "SUI"]
[Source "ChessBase"]
[SourceDate "2010.07.02"]
[WhiteTeam "France"]
[BlackTeam "Slovenia"]
[WhiteTeamCountry "FRA"]
[BlackTeamCountry "SLO"]

1. e4 e5 2. Nf3 Nc6 3. Bb5 a6 4. Bxc6 dxc6 5. O-O Bg4 6. h3 Bh5 7. g4 Bg6 8.
Nxe5 Qh4 9. Qf3 f6 10. Nxg6 hxg6 11. Kg2 O-O-O 12. d3 g5 13. Rh1 Ne7 14. Nd2
1/2-1/2

[Event "Mitropa Cup 29th"]
[Site "Chur"]
[Date "2010.06.06"]
[Round "9"]
[White "Roser, Kevin"]
[Black "Zorko, Jure"]
[Result "1-0"]
[WhiteElo "2429"]
[BlackElo "2440"]
[PlyCount "93"]
[EventDate "2010.05.29"]
[EventType "team-tourn"]
[EventRounds "9"]
[EventCountry "SUI"]
[Source "ChessBase"]
[SourceDate "2010.07.02"]
[WhiteTeam "France"]
[BlackTeam "Slovenia"]
[WhiteTeamCountry "FRA"]
[BlackTeamCountry "SLO"]

1. e4 e6 2. d4 d5 3. Nc3 Bb4 4. e5 Ne7 5. a3 Bxc3+ 6. bxc3 c5 7. Nf3 Nbc6 8.
Rb1 c4 9. h4 Qa5 10. Qd2 f6 11. h5 h6 12. g3 Qc7 13. Qe2 Qa5 14. Qd2 Qc7 15.
Qe2 Qa5 16. exf6 gxf6 17. Bd2 Bd7 18. Bh3 O-O-O 19. Bxe6 Rde8 20. Bxd7+ Kxd7
21. O-O Nf5 22. Qd1 Kc8 23. Nh4 Nxh4 24. Qg4+ f5 25. Qxh4 Qxa3 26. Rfe1 Qd6 27.
Bf4 Qd8 28. Rxe8 Rxe8 29. Qxd8+ Rxd8 30. Bxh6 Rh8 31. Bf4 Rxh5 32. Rb5 Rh8 33.
Rxd5 b6 34. Rxf5 Rh7 35. d5 Ne7 36. Rf8+ Kb7 37. Rb8+ Ka6 38. Rd8 Ng6 39. Bd6
Rh5 40. Rg8 Nh8 41. Bf4 Nf7 42. Rg7 Nd8 43. Rd7 Nb7 44. g4 Rh3 45. Be3 Rh4 46.
f3 Rh8 47. g5 1-0

[Event "Mitropa Cup 29th"]
[Site "Chur"]
[Date "2010.06.06"]
[Round "9"]
[White "Tomazini, Aljosa"]
[Black "Tripoteau, Nicolas"]
[Result "0-1"]
[WhiteElo "2231"]
[BlackElo "2425"]
[PlyCount "110"]
[EventDate "2010.05.29"]
[EventType "team-tourn"]
[EventRounds "9"]
[EventCountry "SUI"]
[Source "ChessBase"]
[SourceDate "2010.07.02"]
[WhiteTeam "Slovenia"]
[BlackTeam "France"]
[WhiteTeamCountry "SLO"]
[BlackTeamCountry "FRA"]

1. e4 g6 2. d4 Bg7 3. Nc3 d6 4. Be3 a6 5. Nf3 b5 6. Bd3 Nd7 7. Ne2 Ngf6 8. c3
c5 9. h3 Qc7 10. O-O Bb7 11. Nd2 O-O 12. Ng3 e6 13. f4 e5 14. fxe5 dxe5 15. d5
c4 16. Bc2 Ne8 17. Nf3 Nd6 18. Qd2 Nc5 19. Bh6 Bxh6 20. Qxh6 f6 21. Rf2 Qg7 22.
Qe3 Nd7 23. Nh2 h5 24. Raf1 Kh7 25. Qe2 Qh6 26. Nh1 Kg7 27. g4 h4 28. g5 Qxg5+
29. Rg2 Qh6 30. Qg4 Nc5 31. Nf2 Kf7 32. Nf3 Bc8 33. Qxh4 Qxh4 34. Nxh4 Rg8 35.
Ng4 Bxg4 36. Rxg4 Rg7 37. Kh2 Rh8 38. Nf3 Ke7 39. Ng1 g5 40. Re1 Rgh7 41. Kg2
Nd7 42. Re3 Nf8 43. Ne2 Ng6 44. Rgg3 Nf4+ 45. Kh2 g4 46. Ng1 gxh3 47. Rg4 Nf7
48. Bd1 Nd3 49. Re2 Ng5 50. b3 Rh4 51. Rxh4 Rxh4 52. bxc4 bxc4 53. Kg3 Rxe4 54.
Nxh3 Rxe2 55. Bxe2 Nxh3 0-1